000 00279nam a22001337a 4500
008 170621b xxu||||| |||| 00| 0 eng d
020 _a9780321100283
041 _aeng
080 _a324
100 _a20
101 _aSHP
245 _aOVERTIME
_cSABATO.L.J
942 _2udc
_cBK
999 _c18431
_d18431